000 00547nam a2200205 i 4500
001 bgj
100 1 _aWilde, Oscar
_d(1854-1900)
245 1 0 _aThe Importance of Being Earnest :
_ba trivial comedy for serious people /
_cby Oscar Wilde.
260 _aNew York :
_bSamuel French,
_c??.
300 _a71 pp ;
_c19 cm.
650 9 _aIdentity (|Psychology)
650 9 _aFoundling
650 9 _aComedies
651 9 _aEngland
655 _aDrama
040 _cBPK
041 0 _aeng
942 _cKS
008 s uk f |000 0 eng
999 _c48836
_d48836
856 _uhttp://koha.tu.koszalin.pl/cgi-bin/koha/opac-detail.pl?biblionumber=48836
_yKatalog online BPK